00937nam a2200157Ia 450000500170000000800410001702000150005808200150007324500680008826000550015630000170021150004330022894200060066195200970066799900150076420240426071037.0240331s9999 xx 000 0 und d a1853391093 bWOMa331.4 0aWomen and food security :bthe experience of the SADCC countris aLondonbIntermediate Technology Publicationsc1991 avi, 210 p ., aThis book consists of background country papers from the SADCC region (Angola, Botswana, Lesotho, Malawi, Mozambique, Swaziland, Tanzania, Zambia and Zimbabwe) on women's access to, and use of improved food technologies in all areas - land preparation and irrigation, seeding, harvesting, storage and crop processing devices, as well as ' soft techniques' such as planning and organizing village woodlots and domestic gardening. cL 001040708LaWERCLbWERCLcSSCd2024-03-31l0o 331.4 WOMp1145r2024-03-31w2024-03-31yL c2688d2688